/ 3



Select Inscriptions Of Bihar (Record no. 38934)

MARC details
000 -LEADER
fixed length control field 00293nam a22001097a 4500
008 - FIXED-LENGTH DATA ELEMENTS--GENERAL INFORMATION
fixed length control field 230623b |||||||| |||| 00| 0 eng d
100 ## - MAIN ENTRY--PERSONAL NAME
Personal name Chaudhary, Radha krishnan
245 ## - TITLE STATEMENT
Title Select Inscriptions Of Bihar
260 ## - PUBLICATION, DISTRIBUTION, ETC.
Name of publisher K.L Mukhopadhyay,
Year of publication 1958.
Place of publication Calcutta:
300 ## - PHYSICAL DESCRIPTION
Number of Pages 138p
942 ## - ADDED ENTRY ELEMENTS (KOHA)
Koha item type Books
Holdings
Accession Number Lost status Damaged status Price effective from Koha item type Not for loan Withdrawn status Home library Current library Shelving location Date acquired Source of acquisition Cost, normal purchase price
7020     12/27/2022 Books   Withdrawn RCL RCL General Stacks 12/27/2022 DDC 10.50

Find us on the map

Contact Us

RAMANUJAN COLLEGE UNIVERSITY OF DELHI, KALKAJI, NEW DELHI 110019
library@ramaanujan.du.ac.in
011-35002219
https://library.ramanujancollege.ac.in/
ramanujancollegelibrary
                                 
Customized & Maintained by Department of Library
Visitor Counter